El desarrollo del lenguaje: aspectos normales y patológicos
Saved in:
| 主要作者: | |
|---|---|
| 格式: | 图书 |
| 语言: | 西班牙语 |
| 出版: |
Buenos Aires, Argentina
Huemul
1976
|
| 丛编: | Colección Temas Básicos.
3 |
| 主题: | |
| 标签: |
添加标签
没有标签, 成为第一个标记此记录!
|
MARC
| LEADER | 00000nam a2200000 a 4500 | ||
|---|---|---|---|
| 001 | UCZ0076 | ||
| 003 | CL-VaPUC | ||
| 005 | 20220423074440.0 | ||
| 008 | 950724e19760000AG |||||||||||||||||spa|d | ||
| 999 | |c 237049 |d 237047 | ||
| 040 | |c Pontificia Universidad Católica de Valparaíso | ||
| 082 | 0 | 4 | |a 372.61 BOU 1976 |2 21 |
| 100 | 0 | |a Bouton, Charles Pierre |9 342677 | |
| 245 | 1 | 3 | |a El desarrollo del lenguaje: aspectos normales y patológicos |
| 260 | 0 | 3 | |a Buenos Aires, Argentina |b Huemul |c 1976 |
| 300 | |a 275 páginas | ||
| 490 | 0 | |a Colección Temas Básicos. |v 3 | |
| 583 | |a last modification |c 19950724 00:00:00 |k Rodrigo Vera | ||
| 650 | 0 | |a Educación lingüística |9 306506 | |
| 650 | 0 | |a Lingüística |9 265068 | |
| 650 | 0 | |a Desarrollo del lenguaje |9 311270 | |
| 650 | 0 | |a Niños |9 255605 | |
| 650 | 0 | |a Psicolingüística |9 283371 | |
| 650 | 0 | |a Desarrollo mental |9 313003 | |
| 650 | 7 | |a TRASTORNOS DEL HABLA |2 CL-VaPUC |9 309440 | |
| 942 | |c BK |2 ddc | ||
| 945 | |d 19950724 00:00:00 |a cmena | ||